Cambio histórico mundial, capitalismo informático y economía del conocimiento /

El artículo aborda la discusión acerca del cambio histórico del capitalismo y el papel que juega en ese proceso la emergencia llamada economía del conocimiento. Se formula un marco teórico e histórico y se proponen varias hipótesis cuya integración conduce a caracterizar la especificidad de le etapa...

Fuld beskrivelse

Guardado en:
Bibliografiske detaljer
Hovedforfatter: Rivera Rios, Miguel Angel
Format: Texto
Fag:
Tags: Tilføj Tag
Ingen Tags, Vær først til at tagge denne postø!

MARC

LEADER 00000 a a2200000 04500
001 42469
003
040
100 |a Rivera Rios, Miguel Angel  
245 |a Cambio histórico mundial, capitalismo informático y economía del conocimiento /  |c Miguel Angel Rivera Rios  
520 |a El artículo aborda la discusión acerca del cambio histórico del capitalismo y el papel que juega en ese proceso la emergencia llamada economía del conocimiento. Se formula un marco teórico e histórico y se proponen varias hipótesis cuya integración conduce a caracterizar la especificidad de le etapa actual del capitalismo. La economía del conocimiento se instaura sobre transformaciones epistemológicas en la tecnología y en una reducción dramática de los cosots sociales de acceso al conocimiento útil. Las rentas tecnológicas que emanan de la difusión del nuevo paradigma y de la constitución de su patrón industrial hacen necesaria la aparición de un nuevo régimen que posibilite reordenar las relaciones de propiedad: el informacionalismo. La interrelación entre éste y la economía del conocimiento definen la especificidad de la etapa actual y en esa medidad constituye el eje de las nuevas contradicciones creadas por las aparición de fuerzas productivas superiores.  
650 |a SOCIEDAD DE LA INFORMACION  
650 |a EMPRESAS CAPITALISTAS  
650 |a HISTORIA SOCIAL  
650 |a CIENCIA DE LA INFORMACION  
650 |a CAMBIO ECONOMICO  
650 |a CAMBIO TECNOLOGICO  
773 |g volumen36, número141 (2005), páginas 27-58  
999 |c 22810  |d 22810